00690nam a22002177a 4500999001900000003000400019020001800023082001600041100002000057245008400077260004200161300001300203546001200216650002200228650002000250650001900270650001700289650002400306942001200330952013000342 c195902d195902OSt a9788170007722 a020bNAR/TE aNarendra Dodiya a10 pillars of library and information science: bpiller 10 research methodology aNew DelhibEss Ess Publicationsc2015 ax, 108p. aEnglish aTypes of research aResearch design aReport writing aBibiometrics aMethods of research 2ddccBK 00102ddc40708GenaKAUCLVbKAUCLVcGENERALd2021-06-17g350.00l1o020 NAR/TEp231331r2021-06-17 00:00:00s2021-06-17yBK